Sports Quiz

Random Sports or NFL Quiz
Score 0/30 Timer 08:00
0 Plays Today
Games Started Quarterback % Correct
240Dan Marino
99.2%
151Bob Griese
91.4%
5Brian Griese
90.4%
19Chad Pennington
87%
6Chad Henne
81.6%
59Jay Fiedler
73.4%
4Daunte Culpepper
66.8%
8Cleo Lemon
60.3%
40David Woodley
50%
12Earl Morrall
49%
8A.J. Feeley
48.5%
4Dick Wood
47.1%
6Ray Lucas
45.6%
20Don Strock
44.1%
4John Beck
43.4%
Games Started Quarterback % Correct
11Joey Harrington
42.6%
5Trent Green
42.4%
7Scott Mitchell
40.6%
6Damon Huard
38.2%
15Gus Frerotte
36.5%
2Bernie Kosar
30.3%
2Sage Rosenfels
30%
4Steve DeBerg
24.9%
7George Wilson
18.9%
3Craig Erickson
13.5%
10Jim Jensen
12.1%
1George Mira
9.3%
2John Stofa
9.3%
11Rick Norton
8.4%
3Kyle Mackey
7.9%

You're not logged in!

Compare scores with friends on all Sporcle quizzes.
OR
Log In

Sporcle TV

Today on Sporcle TV


Watch our educational content, quiz creation guides, and fun videos on Sporcle TV.

Show Comments

Extras

Top Quizzes Today


Score Distribution

Paid Content

Your Account Isn't Verified!

In order to create a playlist on Sporcle, you need to verify the email address you used during registration. Go to your Sporcle Settings to finish the process.

Report this User

Report this user for behavior that violates our Community Guidelines.

Details: